| 000 | 01055cam a2200301 i 4500 | ||
|---|---|---|---|
| 999 |
_c200445052 _d63264 |
||
| 003 | TR-AnTOB | ||
| 005 | 20220418142515.0 | ||
| 007 | ta | ||
| 008 | 031025s1982 tu 000 0 tur | ||
| 020 | _cTL750 | ||
| 040 |
_aTR-AnTOB _beng _erda _cTR-AnTOB _dTR-AnTOB |
||
| 041 | 0 | _atur | |
| 050 | 4 |
_aHD9685.T92 _bB473 1982 |
|
| 090 |
_aHD9685.T92 _bB473 1982 |
||
| 100 | 1 |
_aBerberoğlu, C. Necat _eauthor _9129378 |
|
| 245 | 1 | 0 |
_aTürkiye’nin ekonomik gelişmesinde elektrik enerjisi sorunu/ _cC. Nejat Berberoğlu. |
| 264 | 1 |
_aEskişehir : _bEskişehir İktisadi ve Ticari İlimler Akademisi Yayınları, _c1982. |
|
| 300 |
_aX, 250 pages ; _c25 cm |
||
| 336 |
_2rdacontent _atext _btxt |
||
| 337 |
_2rdamedia _aunmediated _bn |
||
| 338 |
_2rdacarrier _avolume _bnc |
||
| 490 | 0 |
_aEskişehir İktisadi ve Ticari İlimler Akademisi Yayınları ; _vNo. 245/165 |
|
| 651 | 0 |
_aTürkiye _xEkonomik durum _980633 |
|
| 653 | _aElektrik enerjisi--Ekonomik yönleri--Türkiye | ||
| 942 |
_2lcc _cBK |
||